Statistics for All-Time Top Scorers by Country - Europe

Click here to take the quiz!

General Stats

  • This quiz has been taken 38 times
  • The average score is 12 of 20

Answer Stats

ClubGoals ScoredAppearancesPlayer% Correct
Wales41111Gareth Bale
94%
Portugal118196Cristiano Ronaldo
92%
England5380 / 120Harry Kane / Wayne Rooney
92%
Sweden62121Zlatan Ibrahimovic
92%
Germany71137Miroslav Klose
81%
Poland78138Robert Lewandowski
81%
Belgium68104Romelu Lukaku
78%
Ukraine48111Andriy Shevchenko
75%
Romania35124 / 77Gheorghe Hagi / Adrian Mutu
75%
France53120Olivier Giroud
75%
Republic of Ireland68146Robbie Keane
75%
Spain5998David Villa
72%
Netherlands50102Robin van Persie
67%
Scotland3055 / 102Denis Law / Kenny Dalglish
44%
Finland37108Teemu Pukki
42%
Czech Republic5591Jan Koller
25%
Denmark5238 / 112Poul "Tist" Nielsen / Jon Dahl Tomasson
19%
Northern Ireland3695David Healy
17%
Italy3542Gigi Riva
17%
Norway3345Jorgen Juve
8%

Score Distribution

Percentile by Number Answered

Percent of People with Each Score

Your Score History

You have not taken this quiz